Statistiques concernant Frères et Soeurs MCU

Cliquez ici pour prendre le quiz!

Statistiques générales

  • Ce quiz a été pris 41 fois
  • Le résultat moyen est 3 sur 5

Statistiques - réponses

HintPersonnages% Correct
soeur / frère / frèreHela / Loki / Thor
90%
frère / soeurPietro / Wanda
88%
soeur / soeur
Gamora / Nebula
53%
soeur / frèreShuri / T'Challa
38%
frère / frèreAlex / Scott
3%

Distribution des résultats

Percentile par nombre de réponses

% des personnes avec chaque résultat

Votre développement - résultats

Vous n’avez pas pris ce quiz